My picture story Bible. (Record no. 3357)

MARC details
000 -LEADER
fixed length control field 00802cam a22002531 4500
001 - CONTROL NUMBER
control field 9830207
003 - CONTROL NUMBER IDENTIFIER
control field GBCCL
005 - DATE AND TIME OF LATEST TRANSACTION
control field 20241126110453.0
008 - FIXED-LENGTH DATA ELEMENTS--GENERAL INFORMATION
fixed length control field 780424s1960 miua j 000 0 eng
010 ## -
-- 60004673
015 ## -
-- GB61-2949
035 ## - SYSTEM CONTROL NUMBER
System control number (OCoLC)3822375
040 ## - CATALOGING SOURCE
Original cataloging agency DLC
Transcribing agency MiGrC
Modifying agency Uk
-- DLC
042 ## -
-- premarc
050 00 -
-- BS551.2
-- .K65
082 ## - DEWEY DECIMAL CLASSIFICATION NUMBER
Classification number 220.9505
Item number KOR
100 1# - MAIN ENTRY--PERSONAL NAME
Personal name Korfker, Dena,
Dates associated with a name 1908-
9 (RLIN) 6860
245 10 - TITLE STATEMENT
Title My picture story Bible.
Statement of responsibility, etc. With full-color pictures by C. P. Robison and Ben Wood, and additional illus. in the text by Dirk Gringhuis.
260 ## - PUBLICATION, DISTRIBUTION, ETC.
Place of publication, distribution, etc. Grand Rapids,
Name of publisher, distributor, etc. Zondervan Pub. House
Date of publication, distribution, etc. [1960]
300 ## - PHYSICAL DESCRIPTION
Extent 512 p.
Other physical details illus.
Dimensions 24 cm.
650 #0 - SUBJECT ADDED ENTRY--TOPICAL TERM
Topical term or geographic name entry element Bible stories, English.
9 (RLIN) 1346
906 ## - LOCAL DATA ELEMENT F, LDF (RLIN)
a 7
b cbc
c oclcrpl
d u
e ncip
f 19
g y-gencatlg
942 ## - ADDED ENTRY ELEMENTS (KOHA)
Source of classification or shelving scheme Dewey Decimal Classification
Koha item type Books
Koha issues (borrowed), all copies 1
Holdings
Withdrawn status Lost status Source of classification or shelving scheme Damaged status Not for loan Home library Current Library Shelving location Date acquired Total checkouts Full call number Barcode Date last seen Date last checked out Copy number Price effective from Koha item type
    Dewey Decimal Classification     GRACE BIBLE COLLEGE GRACE BIBLE COLLEGE Biblical Studies 2017-11-27 1 220.9505 KOR 007178 2025-05-01 2018-08-24 c.1 2017-11-27 Books
© Grace Bible College Library 2025